00235 a2200109 4500001000700000020000600007040001100013100001900024240003900043245003400082362000900116167748 a  cMagnum aBourcier, Paul10aHistoria da danca no ocidentelpor10aHistoria da danca no ocidente0 a1899